000 00512 a2200181 4500
003 OSt
005 20231207125801.0
008 231207b |||||||| |||| 00| 0 eng d
020 _a9788126435722
040 _coclc
082 _a894.81
_bSSUK/M
100 _aSukumaran, M
_96501
245 _aM. Sukumarante Kathakal Sampoornam /
_cM. Sukumaran
250 _a2nd ed.
260 _aKottayam:
_bD C Books,
_c2014.
300 _a352p.
942 _2ddc
_cBK
_h894.81
_iSSUK/M
_k894.81
_mSSUK/M
999 _c44027
_d44027